banner-ar

Old Kingdom Pottery From Giza / (Record no. 60643)

MARC details
000 -الفاتح
حقل البيانات ثابتة الطول 00773nam a22002657a 4500
005 - وقت وتاريخ اخر تعامل مع التسجيلة
رقم الضبط 20240530110420.0
008 - عناصر البيانات ثابتة الطول - معلومات عامة
حقل البيانات ثابتة الطول 150310s2008 ua aloff b 000 0 eng d
020 ## - الرقم الدولى المعيارى للكتب
الرقم الدولى المعيارى للكتاب 9773059863
040 ## - مصدر الفهرسة
وكالة الفهرسة الأصلية EG-CaGPL
وكالة النسخ EG-CaGPL
082 04 - رقم تصنيف ديوى العشرى
رقم الطبعة 21
رقم التصنيف 738.30932
رقم المادة CC/Z O
100 0# - المدخل الرئيسى - إسم شخصى
الإسم الشخصى Zahi Hawass
245 10 - بيان العنوان
العنوان Old Kingdom Pottery From Giza /
بيان المسئوليه,etc Zahi Hawass , Ashraf Senussi
260 ## - PUBLICATION, DISTRIBUTION, ETC. (IMPRINT)
تاريخ النشر أو التوزيع c2008.
300 ## - الوصف المادى
التعداد 315 p. :
تفاصيل ماديه اخرى للوعاء col. ill. ;
أبعاد الوعاء 39 cm.
504 ## - تبصرة ببليوجرافية
تبصرة ببليوجرافية,الخ Includes bibliographical references.
650 0# - المدخل الاضافى بالموضوع-مصطلح موضوعى
مصطلح موضوعي CERAMIC - HISTORY
650 0# - المدخل الاضافى بالموضوع-مصطلح موضوعى
مصطلح موضوعي CERAMIC ARTS
650 0# - المدخل الاضافى بالموضوع-مصطلح موضوعى
مصطلح موضوعي POTTERY
650 0# - المدخل الاضافى بالموضوع-مصطلح موضوعى
مصطلح موضوعي POTTERY
التقسيم الفرعي الجغرافي Giza (Egypt)
650 0# - المدخل الاضافى بالموضوع-مصطلح موضوعى
مصطلح موضوعي ARCHAEOLOGY
700 0# - المدخل الاضافى - اسم شخصى
الإسم الشخصى Ashraf Senussi
942 ## - عناصر المدخل الإضافي( كوها)
مصدر التصنيف او مخطط الترفيف Dewey Decimal Classification
Koha [default] item type كتاب
260 ## - PUBLICATION, DISTRIBUTION, ETC. (IMPRINT)
-- Cairo :
-- The Supreme Council of Antiquities ,
Holdings
حالة التراجع حالة الفقد مصدر التصنيف او خطة الترفيف حالة تلف ليس للاعارة المكان المؤقت الموقع الحالى تاريخ الاكتساب اجمالي اﻻعارات رقم الطلب الباركود تاريخ اخر مشاهدة تاريخ تفعيل السعر نوع وعاء كوها
    ddc     مكتبة القاهرة الكبرى مكتبة القاهرة الكبرى 03/10/2015   738.30932 CC/Z O 159742 03/10/2015 03/10/2015 كتاب

Powered By

EGPV